00597cam a2200181 a 450000100100000000500170001000800410002704000300006808200180009810000270011624500870014326000490023030000270027949000390030665000240034565000260036965100200039500000125420200929145524.0801007s1979 cu a 000 p eng d aDO-SdBNPcDLCdDLCdBNPHU aP861.42bS1671 aSalkey, Andrew,d1923-10aIn the hills where her dreams live :bpoems for Chile, 1973-1978 /cAndrew Salkey. aHabana, Cuba :bCasa de las Americas,c1979. a46 p. :bil. ;c21 cm.0 aPremio Casa de las Americas poetry 4aPoesía panameña 4aLiteratura panameña 4aChilexPoesía